| 000 | 00709nam a2200193 4500 | ||
|---|---|---|---|
| 008 | 040301s1984 oru b 001 0 eng | ||
| 020 | _a0880700653 :USD3.95 | ||
| 090 |
_aBT701.2 _bAl5m |
||
| 100 | 1 | _aAllen, Ronald Barclay. | |
| 245 | 1 | 4 |
_aThe majesty of man : _bthe dignity of being human / _cRonald B. Allen. |
| 260 |
_aPortland, Or. : _bMultnomah Press, _cc1984. |
||
| 300 |
_a221 p. ; _c22 cm. |
||
| 500 | _a"A Critical Concern book"--Jacket. | ||
| 500 | _aIncludes indexes. | ||
| 504 | _aBibliography: p. 207-210. | ||
| 650 | 4 |
_aBible. O.T. Psalms VIII _xCriticism, interpretation, etc. |
|
| 650 | 4 | _aMan (Christian theology) | |
| 951 |
_p10750 _x00006990 _oBT701.2/Al5m _j070613111344515 _d2000-12-21 _cGC |
||
| 999 |
_c19357 _d19357 |
||